| 000 | 00735nam a2200289Ia 4500 | ||
|---|---|---|---|
| 008 | 170711s9999 xx 000 0 und d | ||
| 020 | _a9780470222683 | ||
| 050 | _a428.2 | ||
| 050 | _bS912 2008 | ||
| 100 | _aStraus, Jane | ||
| 245 | 4 | _aThe blue book of grammar and punctuation / | |
| 245 | _cJane Straus. | ||
| 250 | _aTenth edition | ||
| 260 | _aSan Francisco, CA : | ||
| 260 | _bJossey Bass, | ||
| 260 | _c2008 | ||
| 300 | _axxi, 153 pages : | ||
| 300 | _billustrations ; | ||
| 300 | _c27cm. | ||
| 650 | _aEnglish language -- | ||
| 650 | _aEnglish language -- | ||
| 650 | _aEnglish language -- | ||
| 650 | _xGrammar. | ||
| 650 | _xProblems, excercises, ec. | ||
| 650 | _xPunctuation. | ||
| 700 | _aTitle. | ||
| 999 |
_c339870 _d339870 |
||